A review of the evidence about timber frame dwellings: this report takes account of insurance claims records and inspectors` field reports on dwellings built for sale, recent research studies in the U.K. and abroad, and the views of over 100 organisations and individuals (Record no. 86407)

MARC details
000 -LEADER
fixed length control field 00660cam a2200181 4500
001 - CONTROL NUMBER
control field D7433
008 - FIXED-LENGTH DATA ELEMENTS--GENERAL INFORMATION
fixed length control field 090401t1983 xxu||||| |||| 00| 0 eng d
035 ## - SYSTEM CONTROL NUMBER
System control number (Sirsi) u7347
041 ## - LANGUAGE CODE
Language code of text/sound track or separate title eng
050 ## - LIBRARY OF CONGRESS CALL NUMBER
Classification number 694.01
110 ## - MAIN ENTRY--CORPORATE NAME
Corporate name or jurisdiction name as entry element National House Building Council
245 #2 - TITLE STATEMENT
Title A review of the evidence about timber frame dwellings: this report takes account of insurance claims records and inspectors` field reports on dwellings built for sale, recent research studies in the U.K. and abroad, and the views of over 100 organisations and individuals
260 ## - PUBLICATION, DISTRIBUTION, ETC.
Place of publication, distribution, etc. London
Name of publisher, distributor, etc. NHBC
Date of publication, distribution, etc. 1983
300 ## - PHYSICAL DESCRIPTION
Extent c52p. 30cm
350 ## - PRICE (NR) (BK AM CF MU VM SE) [OBSOLETE]
Price 0
942 ## - ADDED ENTRY ELEMENTS (KOHA)
Suppress in OPAC 0
948 ## - LOCAL PROCESSING INFORMATION (OCLC); SERIES PART DESIGNATOR (RLIN)
c (OCLC) 04/03/1997
Holdings
Withdrawn status Lost status Source of classification or shelving scheme Damaged status Not for loan Home library Current library Shelving location Date acquired Total Checkouts Full call number Barcode Date last seen Copy number Price effective from Koha item type
    Dewey Decimal Classification     London London Folio 19/08/1991   F694.01 30031585 06/08/2019 1 06/08/2019 Book